Guess the 1970s song lyrics #328 - Statistics

General Stats
  • This quiz has been taken 9 times
  • The average score is 156 of 308
Answer Stats
Answer % Correct
a
88%
all
88%
All
88%
and
88%
are
88%
in
88%
on
88%
the
88%
To
88%
to
88%
When
88%
Why
88%
You
88%
you
88%
Can't
75%
can't
75%
don't
75%
get
75%
men
75%
now
75%
see
75%
that
75%
there
75%
they
75%
war
75%
we
75%
What
75%
your
75%
away
63%
have
63%
Have
63%
it
63%
over
63%
soldiers
63%
tell
63%
Bring
50%
bring
50%
did
50%
died
50%
home
50%
them
50%
They're
50%
back
38%
been
38%
boys
38%
death
38%
doin
38%
em
38%
here
38%
need
38%
our
38%
send
38%
Tryin
38%
tryin
38%
yes
38%
alive
25%
around
25%
down
25%
Everybody
25%
Fathers
25%
fathers
25%
killed
25%
lovers
25%
marchin
25%
planes
25%
ships
25%
sons
25%
across
13%
alone
13%
already
13%
battlefield
13%
bout
13%
Cease
13%
Enough
13%
facing
13%
fire
13%
Lay
13%
marched
13%
mercy
13%
Mothers
13%
oughta
13%
pleading
13%
prayin
13%
senseless
13%
sky
13%
Turn
13%
vain
13%
weapons
13%
wounded
13%
Everyboud
0%
No matching quizzes found
Score Distribution
Percent of People with Each Score
Percentile by Number Answered
Your Score History
You have not taken this quiz